| 000 | 00483nam a2200181Ia 4500 | ||
|---|---|---|---|
| 999 |
_c16652 _d16652 |
||
| 003 | OSt | ||
| 005 | 20200606115953.0 | ||
| 008 | 190216s9999||||xx |||||||||||||| ||und|| | ||
| 020 | _a9788173292323 | ||
| 040 | _cMESKC library | ||
| 082 |
_a080 _bPRI/S |
||
| 100 |
_a Pritam, Amrita _9315 |
||
| 245 | 0 |
_aSaat Musafir / _cAmrita Pritam |
|
| 260 |
_bShilalekh, _c2009. _aDelhi: |
||
| 300 | _a200p | ||
| 650 | _aHindi | ||
| 942 |
_cBK _2ddc _h080 _iPRI/S _k080 _mPRI/S |
||